000 01160cam a22002778a 4500
999 _c59066
_d59066
001 12223575
005 20221115165256.0
008 001106s2001en nyu b 001 0 eng
010 _a 00065090
020 _a0521005590 (pb.) X
080 _a821.111.1 D-83
245 0 0 _aDiscovering fiction--student's book 1 :
_ba reader of American short stories /
_c[edited by] Judith Kay [and] Rosemary Gelshenen.
246 3 _aDiscovering fiction--student's book one
264 _aNew York :
_bCambridge University Press,
_c2001.
300 _a215 p.:
_b23 cm.
504 _aIncludes bibliographical references and index.
653 _aEnglish language
653 _aTextbooks for foreign speakers.
653 _aUnited States
653 _aმხატვრული ლიტერატურის აღმოჩენა - მოსწავლის წიგნი
700 1 _aKay, Judith.
_915842
700 1 _aGelshenen, Rosemary.
_915843
856 4 2 _3Publisher description
_uhttp://www.loc.gov/catdir/description/cam021/00065090.html
856 4 1 _3Table of contents
_uhttp://www.loc.gov/catdir/toc/cam028/00065090.html
942 _2udc
_cBK